Statistics for Do you know the winners of csgo majors?

Click here to take the quiz!

General Stats

  • This quiz has been taken 364 times
  • The average score is 13 of 14

Answer Stats

MajorTeam% Correct
FACEIT Major London 2018Astralis
98%
ELEAGUE Major Atlanta 2017Astralis
98%
Intel Extreme Masters XIII - Katowice Major 2019Astralis
98%
DreamHack Winter 2013Fnatic
97%
ESL One Katowice 2015Fnatic
97%
ESL One Cologne 2015Fnatic
97%
ESL One Cologne 2014Ninjas in Pyjamas
94%
ELEAGUE Major Boston 2018Cloud9
93%
ESL Major Series One Katowice 2014Virtus.Pro
92%
PGL Major Kraków 2017Gambit
86%
DreamHack Open Cluj⁠-⁠Napoca 2015Team Envy
83%
ESL One Cologne 2016SK Gaming
82%
DreamHack Winter 2014LDLC
73%
MLG Major Championship Columbus 2016Luminosity Gaming
70%

Score Distribution

Percentile by Number Answered

Percent of People with Each Score

Your Score History

You have not taken this quiz